000 00680nam a22002417a 4500
003 UA-OsUOA
001 86791
007 ta
008 20120911b un ||||| |||| 00| 0 ukr d
100 _aПроэктор Д. М.
090 _a94(430)
_bП84
942 _cBK
040 _aUA-OsUOA
_brus
_cUA-OsUOA
_dUA-OsUOA
245 _aОруженосцы третьего рейха
300 _a200 с.
955 _a1
041 _arus
080 _a94(430)
260 _aМ.
_bВоениздат
_c1971
246 3 1 _aГерманский милитаризм 1919 - 1939 гг.
_n
650 7 _a9 Географія. Біографії. Історія
_2UDC
999 _c372965
_d372965